000 00824nas a2200265 4500
001 BR8003660
003 BR-BrBNA
005 20231205084333.0
007 ta
008 230509b bl.|||p| |||| 00| 00por d
040 _aBR-BrBNA
_bpor
_cBiblioteca Nacional de Agricultura
041 _a(Pt)
072 _aH10
100 1 _aOliveira, J.V.
100 1 _aRibeiro, A.S.
245 1 _aEstudo do nematoide Aphelenchoides besseyi, Christie, em arroz irrigado [Oryza sativa L.; Rio Grande do Sul; Brasil]
650 _aPraga de planta
650 _aArroz irrigado
650 _aNematoide
650 _aNematicida
650 _aRio Grande do Sul
773 0 _tLavoura Arrozeira (Brazil)
_xISSN 0023-9143
_g(Jul 1980), v. 33(322) p. 40-43
_wBR8003660
909 _a202311
_bLúcia
_c55
_dLúcia Elande
942 _2AGRIS
_n0
_cANA
999 _c104577
_d104577